Ecological inspirations

Bibliographic Details
Main Author: Arreaza , Aymara R. (Author)
Format: Book
Language:English
Published: Singapore : Page One , c2011
Subjects:

MARC

LEADER 00000cam a2200000 7i4500
001 0000078413
005 20130407093000.0
008 120624s2011 si eng
020 |a 9789814286725 (hardback : alk. paper) 
020 |a 9814286729 (hardback : alk. paper) 
050 0 0 |a TH880   |b .E26 2011 
090 0 0 |a TH880   |b .E26 2011 
245 0 0 |a Ecological inspirations   |c Aymara Arreaza R. [editor] 
260 |a Singapore :   |b Page One ,   |c c2011 
300 |a 599 p. :   |b col. ill. ;   |c 30 cm. 
500 |a First published 2011 by Loft Publications 
546 |a In English, German, French, Dutch, Italian and Spanish 
650 0 |a Ecological houses 
650 0 |a Sustainable architecture 
650 0 |a Sustainable buildings 
700 1 |a Arreaza , Aymara R. ,   |e author 
999 |a 1000151396   |b Book   |c OPEN SHELF (30 DAYS)   |e Gong Badak Campus